England under the house of Hanover (Record no. 7155)

MARC details
000 -CABECERA
campo de control de longitud fija 00845nam a2200241 a 4500
001 - NÚMERO DE CONTROL
campo de control BRCA_7480
005 - FECHA Y HORA DE LA ÚLTIMA TRANSACCIÓN
campo de control 20190320205842.0
008 - DATOS DE LONGITUD FIJA--INFORMACIÓN GENERAL
campo de control de longitud fija 250413s1848----enkc######---#000-0#eng-#
041 ## - CÓDIGO DE LENGUA
Código de lengua del texto/banda sonora o título independiente eng
044 ## - CÓDIGO DEL PAÍS DE LA ENTIDAD EDITORA/PRODUCTORA
Código MARC del país enk
050 #4 - SIGNATURA TOPOGRÁFICA DE LA BIBLIOTECA DEL CONGRESO
Número de clasificación DA485
Número de documento/Ítem .E54 1848
245 10 - MENCIÓN DE TÍTULO
Título England under the house of Hanover
Resto del título its history and condition during the reigns of the three Georges
Mención de responsabilidad, etc. illustrated from Thomas Wright.
260 ## - PUBLICACIÓN, DISTRIBUCIÓN, ETC.
Lugar de publicación, distribución, etc. Londres
Nombre del editor, distribuidor, etc. R. Bentley
Fecha de publicación, distribución, etc. 1848
300 ## - DESCRIPCIÓN FÍSICA
Extensión 2 v.
Otras características físicas il., retratos
Dimensiones 22 cm.
500 ## - NOTA GENERAL
Nota general Estado físico: volumen 2 con tapas y lomo rotos, sujetado por un lazo
500 ## - NOTA GENERAL
Nota general R3
505 0# - NOTA DE CONTENIDO CON FORMATO
Nota de contenido con formato v.1 George I and II.-- v2. George III
651 #4 - PUNTO DE ACCESO ADICIONAL DE MATERIA--NOMBRE GEOGRÁFICO
Nombre geográfico Gran Bretaña
Subdivisión general Política y gobierno
Subdivisión cronológica 1714-1820
9 (RLIN) 18412
651 #4 - PUNTO DE ACCESO ADICIONAL DE MATERIA--NOMBRE GEOGRÁFICO
Nombre geográfico Gran Bretaña
Subdivisión general Vida social y costumbres
9 (RLIN) 18413
700 1# - PUNTO DE ACCESO ADICIONAL--NOMBRE DE PERSONA
Nombre de persona Wright, Thomas
Término indicativo de función/relación il.
9 (RLIN) 18414
902 ## - CATALOGADOR
Iniciales GFM
942 ## - ELEMENTOS DE PUNTO DE ACCESO ADICIONAL (KOHA)
Fuente del sistema de clasificación o colocación Library of Congress Classification
Tipo de ítem Koha Libros
Holdings
Estado de retiro Estado de pérdida Estado dañado No para préstamo Localización permanente Ubicación/localización actual Fecha de adquisición Número de inventario Total de préstamos Signatura topográfica completa Código de barras Fecha visto por última vez Precio válido a partir de Tipo de ítem Koha
El ejemplar forma parte de la colección y puede ser consultado según las políticas vigentes.       Biblioteca del Museo Franz Mayer (Rogerio Casas-Alatriste) Biblioteca del Museo Franz Mayer (Rogerio Casas-Alatriste) 25/04/2013 R3   DA485 .E54 1848 (R3) 8084 22/03/2019 22/03/2019 Libros